| 000 | 00783nam a2200241 a 4500 | ||
|---|---|---|---|
| 001 | 000012976 | ||
| 005 | 20200929163119.0 | ||
| 008 | 091118s1989 ve 001 f spa d | ||
| 020 | _a9802711055 | ||
| 040 |
_aDO-SdBNP _bspa _cBNPHU |
||
| 082 |
_a823.914 _bR953v |
||
| 100 | 1 |
_aRushdie, Salman, _d1947- _929920 |
|
| 240 | 1 | 4 |
_aThe satanic verses. _lEspañol |
| 245 | 1 | 4 |
_aLos versos satánicos / _cSalman Rushdie ; traducción de J. L. Miranda. |
| 260 |
_a[s.l.] : _b[s.n.], _c1989. |
||
| 300 |
_a517 p. ; _c21 cm. |
||
| 534 |
_pTítulo original en inglés: _tThe satanic verses, _c1988 |
||
| 650 | 4 |
_aNovela inglesa _91071 |
|
| 650 | 4 |
_aLiteratura inglesa _ySIGLO XX _94369 |
|
| 700 | 1 | 2 |
_aMiranda, J. L., _etr. _929921 |
| 910 | _aValidado. Control de calidad MFF | ||
| 049 | _aBNGR | ||
| 999 |
_c12623 _d12623 |
||